| 000 | 00936cam a2200253 i 4500 | ||
|---|---|---|---|
| 003 | SA-RiAUC | ||
| 005 | 20250817074430.0 | ||
| 008 | 250810s1994 le g 000 0 ara c | ||
| 040 |
_aJO-AmJU _bara _cSA-RiAUC _erda |
||
| 082 | 0 | 4 | _a953.071 |
| 090 |
_a953.071 _bو ر ا |
||
| 100 | 1 |
_aالوراكلي، حسن، _d1941- _eمؤلف. |
|
| 245 | 1 | 0 |
_aياقوتة الأندلس : _bدراسة في التراث الأندلسي / _cحسن الوراكلي. |
| 246 | 3 | 0 | _aالتراث الأندلسي |
| 264 | 1 |
_aبيروت : _bدار الغرب الإسلامي، _c1994 |
|
| 300 |
_a229 صفحة؛ _c24 سم. |
||
| 336 |
_aنص _btxt _2rdacontent _3كتاب |
||
| 337 |
_aبدون وسيط _bn _2rdamedia |
||
| 338 |
_aمجلد _bnc _2rdacarrier |
||
| 651 | 7 |
_aالأندلس _xتاريخ _2aucsh |
|
| 651 | 7 |
_aالأندلس _xآثار إسلامية _2aucsh |
|
| 942 |
_2ddc _cBOOK _n0 |
||
| 949 |
_aSA-JeALM _d250810 _umohamedma123 _n1 |
||
| 999 |
_c10901 _d10901 |
||